00286nam a2200121Ia 45000030006000000080041000060400015000471000024000622450040000862600009001265460012001350050017001470STCL150530s9999 xx 000 0 und d aSTCLcSTCL aHall Victor, E.; Ed aAnuel review of physiology vol XIII c1951 aEnglish20220125170433.0